LEADER 01107nam a2200253 i 4500 001 000000108979 003 CaOOAMICUS 005 20021021000000.0 008 021021s1972 it u000 u ita u 013 $a81659 040 $aSeMil$bita 100 1 $aFerrante, Luigi.$0(OLS)http://semarc/name/36814 245 10$aVerga :$bla vita, il pensiero, i testi esemplari /$cdi Luigi Ferrante. 260 $aMilano :$bAccademia,$ccopyr. 1972. 300 $a265 p. :$bill. ;$c19 cm. 490 0 $aI Memorabili - Milano : Accademia, 1970 - ____ ;$v28 500 $aContiene : nota bibliografica e indice delle illustrazioni. 600 14$aVerga, Giovanni <1840-1922>.$0(OLS)http://semarc/subject/11370 830 2$aI memorabili [Accademia] ;$v28.$0(OLS)http://semarc/title/422583 850 $aSeMil 852 $aSeMil$W1$xVenegono$y1$m520 1 28 *$j65014$B65014$CSeMilBibl$Z2$F72602 $81 961 $aRecupero: Biblioteca Seminario Liceale 996 $6245$aVerga :$bla vita, il pensiero, i testi esemplari$9(OLS)http://semarc/title/158125 996 $6260$aMilano :$bAccademia$9(OLS)http://semarc/publisher/30912 LEADER 00760nam a2200181 i 4500 001 000000029759 003 CaOOAMICUS 005 20180830125448.0 008 180830s1947 it u000 u ita u 040 $aSeMil$bita 100 1 $aGuitton, Jean,$d<1901-1999>.$0(OLS)http://semarc/name/848 245 13$aLa pensée moderne et le catholicisme /$cJean Guitton. 260 $aAix-en-Provence :$bEditions provençales,$c1947. 300 $av. ;$c22 cm. 774 0 $tDeveloppement des idees dans l'Ancien Testament.$g9$w()196786 774 0 $tPerspectives sur l'inquietude religieuse.$g1$w()199419 996 $6245$aLa pensée moderne et le catholicisme$9(OLS)http://semarc/title/20091 996 $6260$aAix-en-Provence :$bEditions provençales$9(OLS)http://semarc/publisher/38210